logo

Bir Sreshtho Munshi Abdur Rouf Library
Jhenaidah Cadet College

Engine and tractor power / (Record no. 5354)

MARC details
000 -LEADER
fixed length control field 00733pam a2200265 a 4500
001 - CONTROL NUMBER
JCCL Control Number 5354
003 - CONTROL NUMBER IDENTIFIER
JCCL marc code BD-JhCC
005 - DATE AND TIME OF LATEST TRANSACTION
control field 20171213133106.0
008 - FIXED-LENGTH DATA ELEMENTS--GENERAL INFORMATION
fixed length control field 850529s1986 maua b 001 0 eng
020 ## - INTERNATIONAL STANDARD BOOK NUMBER
International Standard Book Number 0534058140
035 ## - SYSTEM CONTROL NUMBER
system control number (BD-JhCC)5354
040 ## - CATALOGING SOURCE
Original cataloging agency DLC
Transcribing agency DLC
Modifying agency DLC
041 ## - LANGUAGE CODE
Language code of Book eng
050 00 - LIBRARY OF CONGRESS CALL NUMBER
Classification number TL233
Item number .G48 1986
082 00 - DEWEY DECIMAL CLASSIFICATION NUMBER
Classification number 629.2/5
DDC Edition number 19
Author mark and Year GOE 1986
100 1# - MAIN ENTRY--PERSONAL NAME
Personal name Goering, Carroll E.
245 10 - TITLE STATEMENT
Title Engine and tractor power /
Statement of responsibility, etc Carroll E. Goering.
260 ## - PUBLICATION, DISTRIBUTION, ETC. (IMPRINT)
Place of publication, distribution, etc Boston, Mass. :
Name of publisher, distributor, etc Breton Publishers,
Date of publication, distribution, etc c1986.
300 ## - PHYSICAL DESCRIPTION
Pagination xii, 404 p. :
Other physical details ill. ;
Dimensions 25 cm.
500 ## - GENERAL NOTE
General note Includes index.
504 ## - BIBLIOGRAPHY, ETC. NOTE
Bibliography, etc Bibliography: p. 393-394.
650 #0 - SUBJECT ADDED ENTRY--TOPICAL TERM
Topical term or geographic name as entry element Farm tractors
General subdivision Motors.
650 #0 - SUBJECT ADDED ENTRY--TOPICAL TERM
Topical term or geographic name as entry element Motor vehicles
General subdivision Motors.
942 ## - ADDED ENTRY ELEMENTS (KOHA)
Source of classification or shelving scheme Dewey Decimal Classification
Koha item type Books
Holdings
Source of classification or shelving scheme Damaged status Not for loan Home library Current library Shelving location Date of accession Total Checkouts Full call number Barcode Date last seen Copy number Koha item type
Dewey Decimal Classification     JCC Rouf Library JCC Rouf Library General Stacks 12/13/2017   629.2/5 GOE 1986 7475 12/13/2017 C-1 Books

JCC Library | Contacts | JCC Home

Last Update on 23 September 2017
Copyright @ 2017-2020 JCC Rouf Library
Rouf Library, Jhenidah Cadet College (JCC), Bangladesh